Shaheed; Part-1: (Record no. 45058)
[ view plain ]
| 000 -LEADER | |
|---|---|
| fixed length control field | 01472njm a22003017a 4500 |
| 005 - DATE AND TIME OF LATEST TRANSACTION | |
| control field | 20100910121217.0 |
| 007 - PHYSICAL DESCRIPTION FIXED FIELD--GENERAL INFORMATION | |
| fixed length control field | sd ammalaaahaa |
| 008 - FIXED-LENGTH DATA ELEMENTS--GENERAL INFORMATION | |
| fixed length control field | 100904t xxu||||| |||| 00| 0 hin d |
| 028 ## - PUBLISHER NUMBER | |
| Publisher number | N. 54910 |
| Source | His Master's Voice |
| 028 ## - PUBLISHER NUMBER | |
| Publisher number | OJE. 23669 |
| Source | His Master's Voice |
| 028 ## - PUBLISHER NUMBER | |
| Publisher number | OJE. 23670 |
| Source | His Master's Voice |
| 035 ## - SYSTEM CONTROL NUMBER | |
| System control number | GR-01718 |
| 040 ## - CATALOGING SOURCE | |
| Original cataloging agency | SED/VEN |
| 100 ## - MAIN ENTRY--PERSONAL NAME | |
| Personal name | Mangeshkar, Lata |
| 9 (RLIN) | 1184 |
| 245 ## - TITLE STATEMENT | |
| Title | Shaheed; Part-1: |
| Remainder of title | Hindustani / |
| Statement of responsibility, etc | by Lata Mangeshkar & Chorus; Music and Lyric by Prem Dhawan |
| Medium | [Sound Recording] : |
| 246 ## - VARYING FORM OF TITLE | |
| Title proper/short title | शहीद (लता मंगेशकर & चोरुस) |
| 260 ## - PUBLICATION, DISTRIBUTION, ETC. (IMPRINT) | |
| Place of publication, distribution, etc | Dum Dum, India : |
| Name of publisher, distributor, etc | His Master's Voice |
| 300 ## - PHYSICAL DESCRIPTION | |
| Extent | 1 sound disc [Gramophone Recording] : |
| Other physical details | analog, 33 1/3 rpm ; |
| Dimensions | 10 in. |
| Type of unit | Gramophone Records |
| 500 ## - GENERAL NOTE | |
| General note | Brief Records |
| 505 ## - FORMATTED CONTENTS NOTE | |
| Formatted contents note | Song Side-1; जोगी हम तो लुट गए तेरे प्यार में (शहीद) (लता मंगेशकर & चोरुस) , Song Side-2;,मेरा रंग दे बसंती चोला (मुकेश महेंद्र कपूर & राजेंद्र मेहता) Part 2 |
| 650 ## - SUBJECT ADDED ENTRY--TOPICAL TERM | |
| Topical term or geographic name as entry element | Classical Music |
| General subdivision | Excerpts |
| Geographic subdivision | India |
| 9 (RLIN) | 18309 |
| 700 ## - ADDED ENTRY--PERSONAL NAME | |
| 9 (RLIN) | 18319 |
| Personal name | Chorus |
| 700 ## - ADDED ENTRY--PERSONAL NAME | |
| 9 (RLIN) | 18320 |
| Personal name | Mukesh |
| 700 ## - ADDED ENTRY--PERSONAL NAME | |
| Personal name | Kapoor, Mahendra |
| 9 (RLIN) | 19412 |
| 700 ## - ADDED ENTRY--PERSONAL NAME | |
| Personal name | Mehta, Rajendra |
| 9 (RLIN) | 19413 |
| 942 ## - ADDED ENTRY ELEMENTS (KOHA) | |
| Source of classification or shelving scheme | Dewey Decimal Classification |
| Item type | Gramaphone Records |
| Withdrawn status | Lost status | Source of classification or shelving scheme | Damaged status | Not for loan | Collection code | Home library | Current library | Shelving location | Date acquired | Source of acquisition | Total Checkouts | Barcode | Date last seen | Copy number | Price effective from | Koha item type |
|---|---|---|---|---|---|---|---|---|---|---|---|---|---|---|---|---|
| Dewey Decimal Classification | Not For Loan | Non-fiction | Central Library | Central Library | Audio Visual | 10/09/2010 | SED/VEN | GR-01718 | 10/09/2010 | 1 | 10/09/2010 | Gramaphone Records |
